01094nam a2200265 a 450000100060000000300080000600500170001400800410003102000320007203500190010404000270012304100080015008200250015824502070018326000380039030000330042850400360046165000300049765000600052770000310058770000430061894200120066199900170067395201380069072488BD-RjUL20211209082252.0170520s1986 nyua b 001 0 eng  a0471823368 :c$80.00 (est.) a(BD-RjUL)72706 aDLCcDLCdBD-RjULbeng aeng00a578.77223bMAR 198600aMarine fauna and flora of Bermuda :ba systematic guide to the identification of marine organisms /cedited by Wolfgang Sterrer in cooperation with Christiane Schoepfer-Sterrer and 63 text contributors. aNew York :bWiley & sons,cc1986. axx, 742 p. :bill. ;c27 cm. aIncludes bibliography and index 0aMarine organisms 9214474 0aMarine plantszBermuda IslandsxIdentification.92144751 aSterrer, Wolfgang.92144762 aSchoepfer-Sterrer, Christiane.9214477 2ddccBK c72488d72488 00102ddc40718NFICaRUCLbRUCLcReadingd1989-10-29eAsia Foundationl0o578.77 MAR 1986r2017-05-20 00:00:00tC-1w2021-12-09yBK